Statystyki dla quiz o samochodach #8

Kliknij tutaj aby rozwiązać quiz!

Ogólne statystyki

  • Ten quiz został rozwiązany 15 razy
    (5 od ostatniego zresetowania)
  • Średni wynik to 9 z 16

Statystyki odpowiedzi

Odpowiedź% Poprawnych
Aston Martin
100%
Fiat
100%
Mazda
100%
Volkswagen
100%
BMW
67%
Citroen
67%
Dodge
67%
Jaguar
67%
Koenigsegg
67%
Mercedes-Benz
67%
Gaz/Vołga
33%
Mini Cooper
33%
Nissan/Datun
33%
Buran
0%
Dentley
0%
Leyland
0%

Rozkład punktacji

Percentyl według liczby udzielonych odpowiedzi

Procent ludzi z każdym wynikiem

Twoja historia wyników

Nie rozwiązałeś tego quizu od ostatniego zresetowania